[Event "81Âº Campeonato Brasileiro Absoluto - Fase Final 20"]
[Site "Hotel Cabo Branco AtlÃ¢ntico - Joao Pessoa/PB"]
[Date "2015.01.17"]
[Round "1"]
[Board "1"]
[White "Andrade, Roberto Luiz Costa"]
[Black "Umetsubo, Cesar Hidemitsu"]
[Result "1/2-1/2"]
[WhiteElo "2216"]
[BlackElo "2311"]
[PlyCount "150"]
[EventDate "2015.01.17"]
[EventRounds "11"]
[EventCountry "BRA"]

1. e4 c6 2. d4 d5 3. Nc3 dxe4 4. Nxe4 Bf5 5. Ng3 Bg6 6. Nf3 Nd7 7. h4 h6 8. h5
Bh7 9. Bd3 Bxd3 10. Qxd3 e6 11. Bd2 Ngf6 12. O-O-O Be7 13. Kb1 O-O 14. Ne4 Nxe4
15. Qxe4 Nf6 16. Qe2 Qd5 17. Ne5 Qe4 18. Qxe4 Nxe4 19. Be3 Rfd8 20. g4 c5 21.
dxc5 Bxc5 22. Bxc5 Nxc5 23. f3 Kf8 24. c3 Ke7 25. Kc2 Rac8 26. b3 Kf6 27. Nc4
Ke7 28. Rhe1 f6 29. Ne3 Rxd1 30. Rxd1 b5 31. Rd2 Kf7 32. Rd1 Rc7 33. a3 g5 34.
hxg6+ Kxg6 35. Rh1 a6 36. Ng2 e5 37. Ne3 Ne6 38. Kb2 Rd7 39. Kc2 Rc7 40. Kb2
Rd7 41. Kc2 Ng5 42. Rf1 h5 43. gxh5+ Kxh5 44. Ng4 Rd6 45. Ne3 Kg6 46. c4 Ne6
47. Kc3 Nf4 48. Rg1+ Kf7 49. Rd1 Ne2+ 50. Kb4 Nd4 51. c5 Rc6 52. Rf1 a5+ 53.
Kxa5 Rxc5 54. Kb4 Rc8 55. f4 Ke6 56. fxe5 fxe5 57. Rd1 Rh8 58. Rd3 Rh3 59. Kc3
Ne2+ 60. Kd2 Nd4 61. Kc3 Rh2 62. a4 Ra2 63. axb5 Nxb5+ 64. Kb4 Nd4 65. Rd1 Ra8
66. Rd3 Rh8 67. Kc4 Rc8+ 68. Kb4 Kd6 69. Nf5+ Kc7 70. Nxd4 exd4 71. Rxd4 Rh8
72. Rg4 Rh5 73. Rg7+ Kb6 74. Ka4 Rf5 75. b4 Rh5 1/2-1/2

[Event "81Âº Campeonato Brasileiro Absoluto - Fase Final 20"]
[Site "Hotel Cabo Branco AtlÃ¢ntico - Joao Pessoa/PB"]
[Date "2015.01.17"]
[Round "1"]
[Board "2"]
[White "Brito, Luismar"]
[Black "Macedo, Maximo Iack"]
[Result "0-1"]
[WhiteElo "2254"]
[BlackElo "2323"]
[PlyCount "80"]
[EventDate "2015.01.17"]
[EventRounds "11"]
[EventCountry "BRA"]

1. e4 e6 2. d4 d5 3. Nc3 Bb4 4. e5 Ne7 5. a3 Bxc3+ 6. bxc3 c5 7. Qg4 cxd4 8.
cxd4 Qc7 9. Bd2 Qxc2 10. Qxg7 Rg8 11. Qh6 Qb2 12. Rc1 Qxd4 13. Qxh7 Qxe5+ 14.
Be3 Nbc6 15. Nf3 Qf5 16. Qxf5 Nxf5 17. Bb5 Bd7 18. O-O f6 19. Rfd1 Kf7 20. g3
a6 21. Bf1 Nfe7 22. Bh3 Bc8 23. Rb1 b5 24. Rdc1 e5 25. Bg2 Bf5 26. Rb2 Be4 27.
Bc5 Rac8 28. Re1 Nf5 29. a4 Na5 30. Be3 Nc4 31. Rb4 Nfd6 32. axb5 axb5 33. Nd2
Bxg2 34. Kxg2 d4 35. Nxc4 bxc4 36. Bc1 Rb8 37. Ba3 Rxb4 38. Bxb4 Ke6 39. Ra1
Rb8 40. Be1 c3 0-1

[Event "81Âº Campeonato Brasileiro Absoluto - Fase Final 20"]
[Site "Hotel Cabo Branco AtlÃ¢ntico - Joao Pessoa/PB"]
[Date "2015.01.17"]
[Round "1"]
[Board "3"]
[White "Mekhitarian, Krikor Sevag"]
[Black "El Debs, Felipe De Cresce"]
[Result "0-1"]
[WhiteElo "2565"]
[BlackElo "2512"]
[PlyCount "80"]
[EventDate "2015.01.17"]
[EventRounds "11"]
[EventCountry "BRA"]

1. Nf3 Nf6 2. g3 d5 3. Bg2 c6 4. O-O Bg4 5. d3 Nbd7 6. Qe1 e5 7. h3 Bh5 8. e4
dxe4 9. dxe4 Be7 10. Nbd2 O-O 11. Nc4 Qc7 12. Nh4 Rfe8 13. a4 a5 14. Bd2 b6 15.
Nf5 Bf8 16. Bg5 Bb4 17. c3 Bf8 18. g4 Bg6 19. Rd1 h6 20. Bh4 Bxf5 21. exf5 Nd5
22. Qd2 Nc5 23. Bxd5 cxd5 24. Qxd5 Nxa4 25. Bg3 Rac8 26. Nxe5 Nxb2 27. Nd3 Qxc3
28. Be5 Nxd1 29. Bxc3 Nxc3 30. Qb7 Rcd8 31. Nf4 Bc5 32. Qf3 Ne4 33. Rd1 Ng5 34.
Qb3 Rxd1+ 35. Qxd1 Re1+ 36. Qxe1 Nf3+ 37. Kf1 Nxe1 38. Kxe1 a4 39. Nd3 a3 40.
Nc1 Kf8 0-1

[Event "81Âº Campeonato Brasileiro Absoluto - Fase Final 20"]
[Site "Hotel Cabo Branco AtlÃ¢ntico - Joao Pessoa/PB"]
[Date "2015.01.17"]
[Round "1"]
[Board "4"]
[White "Reis, Paulo F. Jatoba De Olivei"]
[Black "Leitao, Rafael"]
[Result "0-1"]
[WhiteElo "2387"]
[BlackElo "2636"]
[PlyCount "82"]
[EventDate "2015.01.17"]
[EventRounds "11"]
[EventCountry "BRA"]

1. d4 Nf6 2. c4 e6 3. Nc3 Bb4 4. e3 O-O 5. Nge2 d5 6. a3 Bd6 7. Ng3 c6 8. Be2
e5 9. cxd5 cxd5 10. Nb5 Nc6 11. Nxd6 Qxd6 12. O-O Be6 13. b4 exd4 14. exd4 a6
15. Be3 Ne4 16. Qe1 Ne7 17. f3 Nxg3 18. hxg3 Nf5 19. Bf2 Qd7 20. Rc1 Nd6 21. g4
Rac8 22. Qd2 Rxc1 23. Rxc1 Nc4 24. Qf4 Rc8 25. Rc3 h6 26. Bg3 Qd8 27. Bf2 b5
28. Qc1 f5 29. gxf5 Bxf5 30. Qf4 Bg6 31. Bh4 Qd7 32. Bg3 Kh7 33. Kf2 Re8 34.
Bxc4 dxc4 35. Re3 Rd8 36. Qc7 Qxd4 37. Be5 Qh4+ 38. Bg3 Rd2+ 39. Ke1 Qd4 40.
Bf4 Qb2 41. Kf1 Qc1+ 0-1

[Event "81Âº Campeonato Brasileiro Absoluto - Fase Final 20"]
[Site "Hotel Cabo Branco AtlÃ¢ntico - Joao Pessoa/PB"]
[Date "2015.01.17"]
[Round "1"]
[Board "5"]
[White "Mendonca, Mateus Nakajo"]
[Black "Cavalcanti, Francisco De Assis"]
[Result "0-1"]
[WhiteElo "2426"]
[BlackElo "2151"]
[PlyCount "68"]
[EventDate "2015.01.17"]
[EventRounds "11"]
[EventCountry "BRA"]

1. d4 d5 2. c4 c6 3. Nc3 Nf6 4. Nf3 e6 5. Bg5 h6 6. Bxf6 Qxf6 7. e3 Nd7 8. Bd3
g6 9. O-O Bg7 10. e4 dxe4 11. Nxe4 Qe7 12. c5 O-O 13. Re1 Rd8 14. Qc1 Nf6 15.
Nd6 Ne8 16. Nxe8 Qxe8 17. Qf4 Qe7 18. Rad1 Bd7 19. h4 Be8 20. h5 gxh5 21. Qe4
b6 22. b4 a5 23. a3 axb4 24. axb4 bxc5 25. bxc5 Ra4 26. Bc2 Rb4 27. Re3 Rd5 28.
Ra3 Rb8 29. Nh4 Qd8 30. Rf3 f5 31. Qf4 Rb4 32. Rg3 Rdxd4 33. Rxd4 Qxd4 34. Qxh6
Qa1+ 0-1

[Event "81Âº Campeonato Brasileiro Absoluto - Fase Final 20"]
[Site "Hotel Cabo Branco AtlÃ¢ntico - Joao Pessoa/PB"]
[Date "2015.01.17"]
[Round "1"]
[Board "6"]
[White "Fiaes, Mario Henrique Andrade"]
[Black "Rodrigues, Edgar"]
[Result "0-1"]
[WhiteElo "2151"]
[BlackElo "2338"]
[PlyCount "74"]
[EventDate "2015.01.17"]
[EventRounds "11"]
[EventCountry "BRA"]

1. d4 Nf6 2. c4 e6 3. Nf3 c5 4. d5 exd5 5. cxd5 d6 6. Nc3 a6 7. a4 g6 8. Bf4
Bg7 9. e4 O-O 10. Be2 Bg4 11. O-O Re8 12. h3 Bxf3 13. Bxf3 Qc7 14. Rc1 Qb6 15.
a5 Qd8 16. Qb3 Qc7 17. Rfe1 Nbd7 18. Qa3 Ne5 19. Be2 Qe7 20. Bg5 h6 21. Bh4 g5
22. Bg3 Ng6 23. f3 Nh5 24. Bf2 Be5 25. b4 Qf6 26. f4 Nhxf4 27. bxc5 dxc5 28.
Na4 Bd4 29. Bf3 Ne5 30. Bxd4 Nxf3+ 31. gxf3 Qxd4+ 32. Kh1 Qf2 33. Rg1 Qh4 34.
Rc2 Nxh3 35. Rh2 Rxe4 36. fxe4 Qxe4+ 37. Rhg2 Nf2+ 0-1

[Event "81Âº Campeonato Brasileiro Absoluto - Fase Final 20"]
[Site "Hotel Cabo Branco AtlÃ¢ntico - Joao Pessoa/PB"]
[Date "2015.01.18"]
[Round "2"]
[Board "1"]
[White "Umetsubo, Cesar Hidemitsu"]
[Black "Rodrigues, Edgar"]
[Result "1-0"]
[WhiteElo "2311"]
[BlackElo "2338"]
[PlyCount "85"]
[EventDate "2015.01.17"]
[EventRounds "11"]
[EventCountry "BRA"]

1. d4 Nf6 2. c4 c5 3. d5 e6 4. Nc3 exd5 5. cxd5 d6 6. e4 g6 7. f4 Bg7 8. Bb5+
Nfd7 9. a4 O-O 10. Nf3 Na6 11. O-O Nc7 12. Bd3 b6 13. Re1 Re8 14. Be3 Ba6 15.
Bf2 Bxd3 16. Qxd3 Qc8 17. Nd2 Nf6 18. Nc4 Qd7 19. h3 Nh5 20. Qf3 Rab8 21. g4
Bxc3 22. bxc3 Ng7 23. f5 gxf5 24. gxf5 f6 25. Bg3 Kh8 26. Nxd6 Rg8 27. Kh1 Rbd8
28. Rg1 Qe7 29. Nc4 Nce8 30. Bf4 Nh5 31. Rxg8+ Kxg8 32. Rg1+ Neg7 33. Bh2 Kh8
34. d6 Qe8 35. e5 Qxa4 36. e6 Qxc4 37. e7 Re8 38. d7 Qg8 39. Rd1 Rxe7 40. d8=Q
Re1+ 41. Bg1 Rxg1+ 42. Kxg1 Ne8+ 43. Qg4 1-0

[Event "81Âº Campeonato Brasileiro Absoluto - Fase Final 20"]
[Site "Hotel Cabo Branco AtlÃ¢ntico - Joao Pessoa/PB"]
[Date "2015.01.18"]
[Round "2"]
[Board "2"]
[White "Cavalcanti, Francisco De Assis"]
[Black "Fiaes, Mario Henrique Andrade"]
[Result "1-0"]
[WhiteElo "2151"]
[BlackElo "2151"]
[PlyCount "160"]
[EventDate "2015.01.17"]
[EventRounds "11"]
[EventCountry "BRA"]

1. Nf3 Nf6 2. c4 e6 3. Nc3 Bb4 4. Qc2 O-O 5. a3 Bxc3 6. Qxc3 d6 7. g3 b6 8. Bg2
Bb7 9. O-O Nbd7 10. b3 c5 11. Bb2 Rc8 12. Rac1 Qc7 13. Rfe1 Rfe8 14. e4 e5 15.
d3 Nf8 16. Qd2 Ng6 17. b4 Rf8 18. Bc3 Rb8 19. Ra1 Ne8 20. a4 f5 21. Ng5 Qe7 22.
exf5 Rxf5 23. Ne4 Nc7 24. a5 Ne6 25. axb6 axb6 26. Ra7 Rf7 27. bxc5 Nxc5 28.
Nxc5 dxc5 29. Bd5 Kh8 30. Bxf7 Qxf7 31. Qe3 Rf8 32. Rf1 Qc7 33. f3 Qb8 34. Ra2
Rf5 35. Re2 h6 36. f4 Qf8 37. g4 exf4 38. Qe8 Rf7 39. Qxf8+ Nxf8 40. Rb2 Nd7
41. Ra1 Kh7 42. Kf2 Kg6 43. Ra7 Bc6 44. Re2 Kg5 45. Re6 Bh1 46. Rd6 Ne5 47.
Rxf7 Nxf7 48. Rxb6 Kxg4 49. Bxg7 Ng5 50. Rxh6 Nh3+ 51. Rxh3 Kxh3 52. Be5 Kxh2
53. Bxf4+ Kh3 54. Bd6 Kg4 55. Ke3 Kf5 56. Bxc5 Bg2 57. Ba3 Bf1 58. Kd4 Ke6 59.
Kc3 Kd7 60. d4 Kc6 61. d5+ Kc7 62. Kd4 Bh3 63. Kc5 Bf1 64. Kd4 Bh3 65. Bb4 Bd7
66. Ba5+ Kb7 67. Kc5 Ba4 68. Kd6 Kc8 69. c5 Bd1 70. c6 Bf3 71. Ke6 Bg2 72. Bb6
Bf3 73. Kd6 Bg2 74. Kc5 Bf3 75. d6 Bg4 76. Kd4 Bh3 77. Ke5 Bg4 78. Kf6 Bd7 79.
cxd7+ Kxd7 80. Ke5 Kc6 1-0

[Event "81Âº Campeonato Brasileiro Absoluto - Fase Final 20"]
[Site "Hotel Cabo Branco AtlÃ¢ntico - Joao Pessoa/PB"]
[Date "2015.01.18"]
[Round "2"]
[Board "3"]
[White "Leitao, Rafael"]
[Black "Mendonca, Mateus Nakajo"]
[Result "1-0"]
[WhiteElo "2636"]
[BlackElo "2426"]
[PlyCount "105"]
[EventDate "2015.01.17"]
[EventRounds "11"]
[EventCountry "BRA"]

1. d4 d5 2. c4 c6 3. Nf3 Nf6 4. Qb3 e6 5. g3 Nbd7 6. Bg2 Bd6 7. O-O O-O 8. Nc3
b6 9. e4 Nxe4 10. Nxe4 dxe4 11. Ng5 Nf6 12. Nxe4 Nxe4 13. Bxe4 Bd7 14. Be3 Qe7
15. Rad1 Rfd8 16. Qc2 h6 17. c5 bxc5 18. dxc5 Be5 19. f4 Bf6 20. Qg2 e5 21. f5
Rac8 22. Rd6 Be8 23. Rfd1 Qc7 24. b4 Be7 25. Rxd8 Rxd8 26. Rxd8 Qxd8 27. Qd2
Qb8 28. a4 Qc7 29. Kf2 Bd7 30. Qd3 Qc8 31. g4 a6 32. Kf3 Kf8 33. Qc4 Qb7 34. b5
axb5 35. axb5 Qxb5 36. Qxb5 cxb5 37. Bb7 h5 38. h3 hxg4+ 39. hxg4 b4 40. c6
Bxc6+ 41. Bxc6 Bd6 42. Bd5 Ke7 43. Ke4 g6 44. Bg5+ Kf8 45. f6 Kg8 46. Bc1 Bc5
47. Bb2 Bf2 48. Bxe5 Be1 49. Bb3 Bh4 50. Kd5 Bf2 51. Kd6 Kf8 52. Kd7 Bc5 53.
Bd6+ 1-0

[Event "81Âº Campeonato Brasileiro Absoluto - Fase Final 20"]
[Site "Hotel Cabo Branco AtlÃ¢ntico - Joao Pessoa/PB"]
[Date "2015.01.18"]
[Round "2"]
[Board "4"]
[White "El Debs, Felipe De Cresce"]
[Black "Reis, Paulo F. Jatoba De Olivei"]
[Result "1/2-1/2"]
[WhiteElo "2512"]
[BlackElo "2387"]
[PlyCount "73"]
[EventDate "2015.01.17"]
[EventRounds "11"]
[EventCountry "BRA"]

1. d4 Nf6 2. c4 g6 3. Nc3 Bg7 4. e4 d6 5. Nf3 O-O 6. Be2 e5 7. Be3 exd4 8. Nxd4
Re8 9. f3 c6 10. Bf2 d5 11. exd5 cxd5 12. O-O Nc6 13. c5 Nh5 14. Qd2 Be5 15. g3
Ng7 16. Rfe1 Ne6 17. Nxe6 Bxe6 18. f4 Bxc3 19. bxc3 Bf5 20. Qb2 Qd7 21. Bf3 Be4
22. Bxe4 Rxe4 23. Rad1 Qe7 24. Kf1 Rd8 25. Qb3 Na5 26. Qb1 Nc4 27. Kg2 Re8 28.
Rxe4 dxe4 29. Qb4 e3 30. Qxc4 exf2 31. Kxf2 Qe3+ 32. Kg2 Qe2+ 33. Qxe2 Rxe2+
34. Kh3 Rxa2 35. Rb1 Rc2 36. Rxb7 Rxc3 37. Rxa7 1/2-1/2

[Event "81Âº Campeonato Brasileiro Absoluto - Fase Final 20"]
[Site "Hotel Cabo Branco AtlÃ¢ntico - Joao Pessoa/PB"]
[Date "2015.01.18"]
[Round "2"]
[Board "5"]
[White "Macedo, Maximo Iack"]
[Black "Mekhitarian, Krikor Sevag"]
[Result "1-0"]
[WhiteElo "2323"]
[BlackElo "2565"]
[PlyCount "39"]
[EventDate "2015.01.17"]
[EventRounds "11"]
[EventCountry "BRA"]

1. e4 c5 2. b3 b6 3. Bb2 Bb7 4. Nc3 e6 5. f4 Nf6 6. Qf3 Be7 7. O-O-O O-O 8. Bd3
d5 9. e5 Nfd7 10. Qh3 g6 11. Nf3 Nc6 12. Qh6 Nb4 13. Bb5 d4 14. h4 Bxf3 15.
gxf3 dxc3 16. dxc3 Nd5 17. h5 g5 18. Bd3 N7f6 19. exf6 Nxf6 20. c4 1-0

[Event "81Âº Campeonato Brasileiro Absoluto - Fase Final 20"]
[Site "Hotel Cabo Branco AtlÃ¢ntico - Joao Pessoa/PB"]
[Date "2015.01.18"]
[Round "2"]
[Board "6"]
[White "Andrade, Roberto Luiz Costa"]
[Black "Brito, Luismar"]
[Result "1/2-1/2"]
[WhiteElo "2216"]
[BlackElo "2254"]
[PlyCount "82"]
[EventDate "2015.01.17"]
[EventRounds "11"]
[EventCountry "BRA"]

1. e4 c5 2. Nf3 e6 3. d4 cxd4 4. Nxd4 a6 5. Nc3 Qc7 6. Bd3 Nc6 7. Nxc6 Qxc6 8.
O-O d6 9. Be3 Nf6 10. f4 b5 11. e5 b4 12. exf6 bxc3 13. Bd4 cxb2 14. Rb1 gxf6
15. Rxb2 Rg8 16. c4 f5 17. Rff2 Bg7 18. Be2 Bxd4 19. Qxd4 Qc5 20. Qf6 Ra7 21.
Bh5 Re7 22. h3 e5 23. Rb8 Qc7 24. Bxf7+ Rxf7 25. Qe6+ Kd8 26. Rxc8+ Qxc8 27.
Qxf7 Re8 28. Rd2 Qc5+ 29. Kh2 exf4 30. Rd5 Qa3 31. Qf6+ Kc7 32. Qg7+ Kc6 33.
Rxf5 Re4 34. Rg5 Qxa2 35. c5 dxc5 36. Qxh7 Qc4 37. Rg6+ Kb5 38. Qb7+ Ka5 39.
Qc7+ Kb4 40. Qb7+ Ka5 41. Qc7+ Kb4 1/2-1/2

[Event "81Âº Campeonato Brasileiro Absoluto - Fase Final 20"]
[Site "Hotel Cabo Branco AtlÃ¢ntico - Joao Pessoa/PB"]
[Date "2015.01.18"]
[Round "3"]
[Board "1"]
[White "Brito, Luismar"]
[Black "Umetsubo, Cesar Hidemitsu"]
[Result "1/2-1/2"]
[WhiteElo "2254"]
[BlackElo "2311"]
[PlyCount "100"]
[EventDate "2015.01.17"]
[EventRounds "11"]
[EventCountry "BRA"]

1. e4 e5 2. Nf3 Nf6 3. Nc3 Nc6 4. d4 exd4 5. Nxd4 Bb4 6. Nxc6 bxc6 7. Bd3 d5 8.
exd5 cxd5 9. O-O O-O 10. Bg5 c6 11. Qf3 h6 12. Bf4 Bd6 13. h3 Re8 14. Rfe1 Be6
15. Rad1 Rb8 16. b3 Rb4 17. Bd2 Nd7 18. Ne2 Ne5 19. Qe3 Nxd3 20. Qxd3 Re4 21.
Ng3 Rxe1+ 22. Rxe1 Bd7 23. Rxe8+ Qxe8 24. Nf5 Be5 25. Bb4 Bf6 26. Ng3 Qe5 27.
a4 Qa1+ 28. Kh2 Qd4 29. Qd2 Qxd2 30. Bxd2 Be5 31. f4 Bd6 32. b4 Kf8 33. c3 a6
34. a5 c5 35. Ne2 Ke7 36. Kg3 g6 37. Kf3 Bf5 38. Kf2 Be4 39. g3 Kd7 40. bxc5
Bc7 41. Nd4 Bxa5 42. h4 f5 43. Ke2 Bd8 44. Bc1 Bf6 45. Ba3 Bb1 46. Bb4 Ba2 47.
Ke3 Bc4 48. c6+ Kc8 49. h5 gxh5 50. Ba5 Bb5 1/2-1/2

[Event "81Âº Campeonato Brasileiro Absoluto - Fase Final 20"]
[Site "Hotel Cabo Branco AtlÃ¢ntico - Joao Pessoa/PB"]
[Date "2015.01.18"]
[Round "3"]
[Board "2"]
[White "Mekhitarian, Krikor Sevag"]
[Black "Andrade, Roberto Luiz Costa"]
[Result "1-0"]
[WhiteElo "2565"]
[BlackElo "2216"]
[PlyCount "75"]
[EventDate "2015.01.17"]
[EventRounds "11"]
[EventCountry "BRA"]

1. d4 d5 2. c4 c6 3. Nf3 Nf6 4. e3 Bg4 5. Nc3 e6 6. Qb3 Qb6 7. Nh4 Nbd7 8. h3
Bh5 9. g4 Bg6 10. Nxg6 hxg6 11. Bg2 Qa6 12. cxd5 exd5 13. g5 Nh5 14. Nxd5 cxd5
15. Bxd5 O-O-O 16. Bxf7 Be7 17. h4 Kb8 18. Bd2 Rc8 19. Rc1 Rxc1+ 20. Bxc1 Rc8
21. Bd2 Nf8 22. Bd5 Bd8 23. Bc3 Ba5 24. Kd2 Nd7 25. Rc1 Rf8 26. Ke1 Nf4 27. Bc4
Ng2+ 28. Ke2 Qb6 29. Qxb6 Bxb6 30. Be6 Nf4+ 31. exf4 Re8 32. d5 Nc5 33. Be5+
Ka8 34. Bxg7 Nxe6 35. dxe6 Rxe6+ 36. Kf3 a5 37. f5 gxf5 38. h5 1-0

[Event "81Âº Campeonato Brasileiro Absoluto - Fase Final 20"]
[Site "Hotel Cabo Branco AtlÃ¢ntico - Joao Pessoa/PB"]
[Date "2015.01.18"]
[Round "3"]
[Board "3"]
[White "Reis, Paulo F. Jatoba De Olivei"]
[Black "Macedo, Maximo Iack"]
[Result "1/2-1/2"]
[WhiteElo "2387"]
[BlackElo "2323"]
[PlyCount "62"]
[EventDate "2015.01.17"]
[EventRounds "11"]
[EventCountry "BRA"]

1. d4 e6 2. c4 b6 3. a3 Bb7 4. Nc3 Nf6 5. d5 Bd6 6. Nf3 O-O 7. e4 exd5 8. exd5
a5 9. Be2 Na6 10. O-O Re8 11. Bd3 c6 12. Bc2 cxd5 13. cxd5 h6 14. Be3 Bc5 15.
Bf4 Nc7 16. Bb3 d6 17. Qd3 b5 18. Rfe1 Qd7 19. Rxe8+ Rxe8 20. Rd1 Ba6 21. Qc2
Qg4 22. Qc1 Qh5 23. Re1 Rxe1+ 24. Qxe1 Qf5 25. Be3 Ncxd5 26. Nxd5 Nxd5 27. Bxc5
dxc5 28. Qxa5 Qb1+ 29. Ne1 Nc7 30. Qd2 Qe4 31. Bc2 Qe7 1/2-1/2

[Event "81Âº Campeonato Brasileiro Absoluto - Fase Final 20"]
[Site "Hotel Cabo Branco AtlÃ¢ntico - Joao Pessoa/PB"]
[Date "2015.01.18"]
[Round "3"]
[Board "4"]
[White "Mendonca, Mateus Nakajo"]
[Black "El Debs, Felipe De Cresce"]
[Result "1/2-1/2"]
[WhiteElo "2426"]
[BlackElo "2512"]
[PlyCount "117"]
[EventDate "2015.01.17"]
[EventRounds "11"]
[EventCountry "BRA"]

1. d4 d5 2. c4 c6 3. cxd5 cxd5 4. Nc3 Nf6 5. Nf3 Nc6 6. Bf4 Bf5 7. e3 e6 8. Bd3
Bxd3 9. Qxd3 Be7 10. h3 O-O 11. O-O Qb6 12. Qe2 Rac8 13. Rac1 Na5 14. Rc2 Nc4
15. Rfc1 Qa5 16. Ne5 Bb4 17. a3 Be7 18. Bg5 Rc7 19. Nb1 Rfc8 20. Nxc4 Qa6 21.
b3 h6 22. Bxf6 Bxf6 23. Kf1 Be7 24. Rc3 dxc4 25. bxc4 b6 26. Nd2 Qa5 27. Qd3
Bf8 28. Nf3 Bd6 29. Kg1 Rc6 30. Nd2 R6c7 31. g3 Be7 32. Kg2 Rc6 33. f4 R6c7 34.
Nf3 Qa6 35. e4 Rd8 36. Qc2 Rdc8 37. Qd3 Rd8 38. g4 Qa4 39. f5 Rcd7 40. Qc2 Qa6
41. d5 Rc7 42. fxe6 fxe6 43. Nd4 exd5 44. cxd5 Rxc3 45. Qxc3 Bf6 46. Qc4 Qxa3
47. Nc6 Rf8 48. Rf1 b5 49. Qxb5 Qe3 50. Qc4 Bh4 51. Rxf8+ Kxf8 52. Qf1+ Kg8 53.
Qf3 Qd2+ 54. Kf1 Qe1+ 55. Kg2 Qd2+ 56. Kh1 Qe1+ 57. Kh2 Qd2+ 58. Kh1 Qe1+ 59.
Kg2 1/2-1/2

[Event "81Âº Campeonato Brasileiro Absoluto - Fase Final 20"]
[Site "Hotel Cabo Branco AtlÃ¢ntico - Joao Pessoa/PB"]
[Date "2015.01.18"]
[Round "3"]
[Board "5"]
[White "Fiaes, Mario Henrique Andrade"]
[Black "Leitao, Rafael"]
[Result "0-1"]
[WhiteElo "2151"]
[BlackElo "2636"]
[PlyCount "118"]
[EventDate "2015.01.17"]
[EventRounds "11"]
[EventCountry "BRA"]

1. d4 Nf6 2. c4 e6 3. Nf3 b6 4. a3 Ba6 5. Qc2 Bb7 6. Nc3 c5 7. e4 cxd4 8. Nxd4
Bc5 9. Nb3 Nc6 10. Be2 O-O 11. O-O Nd4 12. Nxd4 Bxd4 13. Bd3 Bxc3 14. bxc3 Qc7
15. f4 d6 16. a4 Nd7 17. Be3 Nc5 18. Rfd1 Rac8 19. Bxc5 Qxc5+ 20. Kh1 Rfd8 21.
a5 bxa5 22. Qa2 Qe3 23. Qxa5 Bxe4 24. Bxe4 Qxe4 25. Rd4 Qb7 26. h3 Rd7 27. Rad1
Qc6 28. Qa3 h5 29. R1d3 Qc5 30. Qa1 Rb8 31. Kh2 Qf5 32. Qc1 Rb6 33. Qd2 Rc6 34.
Rg3 g6 35. Rg5 Qf6 36. Rb5 Kg7 37. Ra5 Rdc7 38. Ra4 e5 39. Re4 exf4 40. Rxf4
Qe5 41. Qd4 g5 42. Qxe5+ dxe5 43. Re4 f6 44. Kg3 Rc5 45. Kf2 h4 46. Ke2 f5 47.
Re3 e4 48. Kd2 Rxc4 49. Rxc4 Rxc4 50. Kc2 Kf6 51. Kb3 Rc7 52. c4 Ke5 53. Kc3 g4
54. Re2 gxh3 55. gxh3 f4 56. Rg2 f3 57. Rg5+ Kf4 58. Rg8 Ke3 59. Rf8 f2 0-1

[Event "81Âº Campeonato Brasileiro Absoluto - Fase Final 20"]
[Site "Hotel Cabo Branco AtlÃ¢ntico - Joao Pessoa/PB"]
[Date "2015.01.18"]
[Round "3"]
[Board "6"]
[White "Rodrigues, Edgar"]
[Black "Cavalcanti, Francisco De Assis"]
[Result "1/2-1/2"]
[WhiteElo "2338"]
[BlackElo "2151"]
[PlyCount "121"]
[EventDate "2015.01.17"]
[EventRounds "11"]
[EventCountry "BRA"]

1. d4 d5 2. Nf3 Nf6 3. e3 g6 4. Bd3 Bg7 5. O-O O-O 6. Nbd2 Nbd7 7. e4 dxe4 8.
Nxe4 Nxe4 9. Bxe4 c5 10. c3 Nf6 11. Bc2 cxd4 12. Qxd4 Qxd4 13. Nxd4 Bd7 14. Re1
e6 15. Nf3 Rfc8 16. Ne5 Be8 17. Bf4 Nd5 18. Bg3 Rc5 19. Rad1 Nf6 20. Nd3 Rcc8
21. Bd6 b6 22. Ne5 Bf8 23. Bxf8 Kxf8 24. f4 Rd8 25. g3 Rac8 26. Kf2 Ke7 27. Bb3
Rxd1 28. Bxd1 Rd8 29. Bf3 Rd2+ 30. Re2 Rxe2+ 31. Kxe2 Kd6 32. Kd3 Nd7 33. Nc4+
Ke7 34. b4 Nf8 35. Nd2 f6 36. h4 h6 37. Ne4 Nd7 38. Kd4 e5+ 39. fxe5 Nxe5 40.
Be2 Bf7 41. a3 Nc6+ 42. Ke3 f5 43. Nf2 Kd6 44. g4 Ke5 45. gxf5 gxf5 46. Nd3+
Kf6 47. Kf4 Ne7 48. Bf3 Ng6+ 49. Kg3 Ne5 50. Nf4 Nc4 51. a4 Be8 52. Be2 Nd2 53.
a5 bxa5 54. bxa5 Ne4+ 55. Kf3 Nxc3 56. Bc4 Ke5 57. Bb3 Bc6+ 58. Ke3 Be8 59.
Nd3+ Kf6 60. Kf4 Bb5 61. Nc1 1/2-1/2

[Event "81Âº Campeonato Brasileiro Absoluto - Fase Final 20"]
[Site "Hotel Cabo Branco AtlÃ¢ntico - Joao Pessoa/PB"]
[Date "2015.01.19"]
[Round "4"]
[Board "1"]
[White "Umetsubo, Cesar Hidemitsu"]
[Black "Cavalcanti, Francisco De Assis"]
[Result "1/2-1/2"]
[WhiteElo "2311"]
[BlackElo "2151"]
[PlyCount "68"]
[EventDate "2015.01.17"]
[EventRounds "11"]
[EventCountry "BRA"]

1. e4 c5 2. c3 Nf6 3. e5 Nd5 4. Nf3 d6 5. d4 cxd4 6. cxd4 Nc6 7. Bc4 e6 8. O-O
Be7 9. a3 O-O 10. Qe2 Qb6 11. Rd1 Na5 12. Nbd2 Nf4 13. Qe3 dxe5 14. Nxe5 Nd5
15. Bxd5 exd5 16. b4 Nc4 17. Nexc4 dxc4 18. Nxc4 Qc7 19. Ne5 Be6 20. Bb2 Bd5
21. Rac1 Qd8 22. Qg3 Re8 23. Re1 Bd6 24. Qg4 Rc8 25. Rxc8 Qxc8 26. Qxc8 Rxc8
27. Ng4 Bf4 28. f3 h5 29. Ne3 Bxe3+ 30. Rxe3 Rc2 31. Bc3 f6 32. h4 a6 33. Kh2
Kf7 34. Kh3 Bc4 1/2-1/2

[Event "81Âº Campeonato Brasileiro Absoluto - Fase Final 20"]
[Site "Hotel Cabo Branco AtlÃ¢ntico - Joao Pessoa/PB"]
[Date "2015.01.19"]
[Round "4"]
[Board "2"]
[White "Leitao, Rafael"]
[Black "Rodrigues, Edgar"]
[Result "1/2-1/2"]
[WhiteElo "2636"]
[BlackElo "2338"]
[PlyCount "61"]
[EventDate "2015.01.17"]
[EventRounds "11"]
[EventCountry "BRA"]

1. d4 Nf6 2. c4 e6 3. Nc3 c5 4. d5 exd5 5. cxd5 d6 6. Nf3 g6 7. g3 Bg7 8. Bg2
O-O 9. O-O Na6 10. Nd2 Nc7 11. Nc4 b6 12. Bf4 Ba6 13. Nxd6 Nh5 14. Nde4 Nxf4
15. gxf4 Qh4 16. d6 Ne6 17. Qa4 Bb7 18. e3 Kh8 19. Ng3 Bxg2 20. Kxg2 f5 21. Qc6
Rad8 22. Rad1 g5 23. d7 Rf6 24. Rd6 Rh6 25. Rfd1 gxf4 26. Rxe6 Qh3+ 27. Kg1
Rxe6 28. Qxe6 f3 29. Qe8+ Bf8 30. Qe5+ Bg7 31. Qe8+ 1/2-1/2

[Event "81Âº Campeonato Brasileiro Absoluto - Fase Final 20"]
[Site "Hotel Cabo Branco AtlÃ¢ntico - Joao Pessoa/PB"]
[Date "2015.01.19"]
[Round "4"]
[Board "3"]
[White "El Debs, Felipe De Cresce"]
[Black "Fiaes, Mario Henrique Andrade"]
[Result "1-0"]
[WhiteElo "2512"]
[BlackElo "2151"]
[PlyCount "133"]
[EventDate "2015.01.17"]
[EventRounds "11"]
[EventCountry "BRA"]

1. d4 Nf6 2. c4 e6 3. Nc3 Bb4 4. e3 c5 5. Nge2 b6 6. a3 Ba5 7. Rb1 Na6 8. g3
Bb7 9. d5 b5 10. Bg2 bxc4 11. O-O O-O 12. e4 d6 13. Bg5 exd5 14. Nxd5 Bxd5 15.
Bxf6 Qxf6 16. Qxd5 Rab8 17. Qxc4 Nc7 18. b4 cxb4 19. Nd4 Rbc8 20. axb4 Bb6 21.
Nc6 Ne6 22. Rbd1 Nd4 23. b5 a6 24. Rxd4 axb5 25. Qd3 Rxc6 26. e5 dxe5 27. Rh4
g6 28. Bxc6 Qxc6 29. Rb4 Rb8 30. Rfb1 h5 31. Rxb5 Rd8 32. Qe2 Bd4 33. Rb7 Rd6
34. Rb8+ Kg7 35. Rf1 Rf6 36. Qa2 Qf3 37. Rb3 Qe4 38. Qb1 Qc6 39. Qd1 Rf5 40.
Qe2 Qd5 41. Ra3 Rf6 42. Rd3 Qc6 43. Rdd1 Rf5 44. Rde1 Rg5 45. Qe4 Qc5 46. Kg2
Rg4 47. Qf3 Rg5 48. Rc1 Qe7 49. Qa8 e4 50. Rc4 Qf6 51. Qxe4 Ba7 52. Rc6 Qb2 53.
Rc2 Qf6 54. Ra2 Bd4 55. Rd1 Bc5 56. Rd5 Rxd5 57. Qxd5 Bd4 58. h4 Kh7 59. Rd2
Ba7 60. Qe4 Kg7 61. Qd5 Kh7 62. Ra2 Bd4 63. Qf3 Qe6 64. Re2 Qd7 65. Rd2 Kg7 66.
Qe4 Qa7 67. Qxd4+ 1-0